000 01797nam0a22003251 4500
001 v19\rc\1941755
005 20251118180838.6
035 _a(NLR Aleph) 005028025
090 _a6660712
_c6660711
100 _a20080428d1913 |||y0rusy50 ca
101 0 _arus
102 _aRU
105 _aa z |||||
200 1 _aОпыты лечения перекисью водорода туберкулезных поражений верхних дыхательных путей в связи с изучением действия ее на туберкулезные бациллы и туберкулин
_eДис. на степ. д-ра мед. С.М. Асписова
_fИз Лаб. биол. химии Имп. Ин-та эксперимент. медицины и из Клиники ушных, горловых и носовых болезней Имп. Воен.-мед. акад.
210 _aСанкт-Петербург
_cтип. Штаба Отд. корпуса жандармов
_d1913
215 _a[4], 147, [4], с., 4 л. ил.
_cтабл.
_d27
225 1 _aСерия докторских диссертаций, допущенных к защите в Императорской Военно-медицинской академии в 1913-1914 учебном году
_v№ 4
320 _aБиблиогр.: "Литературный указатель" (с. 140-147)
700 1 _aАсписов
_bС. М.
_f1880-
_gСергей Михайлович
801 0 _aRU
_bNLR
_gpsbo
801 0 _aRU
_bRuMoRGB
_2psbo
801 1 _aRU
_bProSoft-M
_2rusmarc
852 _aNLR
_j17.127.1.3(№ 4)
899 _aRuMoRGB
_jW 517/164
899 _aRuMoRGB
_jW 517/208
899 _aRuMoRGB
_jW 234/1058
899 _aБАН
899 _aRuMoRGB
_jW 517/251
942 _cBOOK
980 _aNB